[Event "EU-ch 4th"]
[Site "Istanbul"]
[Date "2003.05.31"]
[Round "2"]
[White "Areshchenko, Alexander"]
[Black "Sokolov, Ivan"]
[Result "1/2-1/2"]
[WhiteElo "2546"]
[BlackElo "2677"]
[Annotator "Postny,E"]
[PlyCount "76"]
[EventDate "2003.05.30"]
[EventType "swiss"]
[EventRounds "13"]
[EventCountry "TUR"]
[SourceTitle "CBM 096"]
[Source "ChessBase"]
[SourceDate "2003.09.25"]
[SourceVersion "1"]
[SourceVersionDate "2003.09.25"]
[SourceQuality "1"]

1. e4 e5 2. Nf3 Nc6 3. d4 exd4 4. Nxd4 Nf6 5. Nc3 Bb4 6. Nxc6 bxc6 7. Bd3 O-O
8. O-O d5 9. exd5 cxd5 10. Bg5 c6 11. Qf3 Bd6 ({The main alternative is} 11...
Be7 {- see the commented games Berg,E-Sokolov,I/Malmo 2001/CBM 84 [Postny] and
Breder,D-Aronian,L/Bundesliga 2003/CBM 94 [Postny]}) 12. Ne2 (12. Rfe1 Rb8 13.
Rab1 h6 14. Bxf6 Qxf6 15. Qxf6 gxf6 16. Ne2 c5 17. b3 Be6 18. Rbd1 Rfd8 19. Ng3
c4 20. Bf5 cxb3 21. axb3 Bxg3 22. Bxe6 fxe6 23. hxg3 Kf7 $11 {0-1 Sidorenko,
A-Jenni,F/Bled 2002/EXT 2003 (76)}) (12. h3 Rb8 13. Rab1 h6 14. Bh4 Rb4 15.
Bxf6 Qxf6 16. Qxf6 gxf6 17. b3 a5 18. Ne2 Bd7 19. Ng3 c5 20. c4 Bxg3 21. fxg3
dxc4 22. Bxc4 Be6 $11 {1/2-1/2 Berg,E-Wedberg,T/Stockholm 2000/CBM 79 
[Mikhalevski,V] (52)}) 12... Be5 {Sokolov is avoiding total equality after 12..
.Bg4. On the other hand it's very hard to play for a win with black in this
opening variation.} (12... Bg4 13. Bxf6 Bxf3 14. Bxd8 Bxe2 {1/2-1/2 Movsesian,
S-Sokolov,I/Sarajevo 2002/CBM 90 (14)}) 13. Rab1 (13. c3 Qd6 14. h3 Nd7 15.
Rad1 Nc5 16. Bc2 Ba6 17. Rfe1 g6 18. Nd4 Rfe8 $11 {1/2-1/2 Boudenne,J-Dervishi,
E/Herculane 1994/TD (35)}) 13... h6 $146 (13... Qd6 14. Bf4 Rb8 15. b4 Re8 16.
Bxe5 Qxe5 17. Qg3 Qxg3 18. hxg3 Ne4 19. Rfd1 g6 20. f3 Nd6 21. Nd4 Bd7 $11 {
1/2-1/2 Perez,J-Ramon,V/Havana 1992/EXT 2000 (31)}) 14. Bf4 Re8 (14... Bg4 15.
Qe3 (15. Qg3 $6 Bxe2 16. Bxe2 Ne4 $36) 15... Bxe2 16. Bxe2 Bxf4 17. Qxf4 Re8
$11) 15. Bxe5 Rxe5 16. Qf4 Rg5 $6 {[%csl Yg5] Black is trying to seize the
initiative and play for a win, but objectively speaking g5 is not the best
place for the rook.} (16... Qe8 $5 $11) 17. Ng3 $14 Be6 18. Qd4 c5 {Otherwise
black may be in trouble, because of awkward place of Rg5.} 19. Qxc5 d4 20. Qc6
$1 (20. Qa3 $2 Ra5 21. Qb4 Bxa2 22. Nf5 {[%cal Gf5e7,Ge7c6]} Rb8 $17 (22...
Bxb1 $2 23. Ne7+ Kh8 24. Nc6)) (20. Qb4 $2 Rb8 {following by 21...Bxa2 and 22..
.Rxb2.}) 20... Bxa2 21. Ra1 Bd5 22. Qa6 h5 {Black should play for the attack,
since he has weak pawns a7 and d4.} 23. f4 Rg4 24. Bf5 ({After} 24. Be2 $6 Rg6
{black is fine.}) 24... Bxg2 $1 {By this combination black avoides bigger
material disadvantage.} 25. Kxg2 (25. Rf2 $6 Bd5 $44 {[%csl Rg1]}) 25... Qd5+
26. Kf2 Rxg3 {[%csl Rf5] The point of 24...Bxg2.} 27. hxg3 Qxf5 {As a
compensation for a sacrificed exchange black has an extra pawn and white's
king is also vulnerable. Nevertheless white's chances are still better.} 28.
Qd3 Qc5 29. Ra4 Rc8 30. Rxd4 $6 {White decided not to take any risk and forces
massive exchanges, which lead to a draw.} ({White could continue to play for a
win after} 30. Rc1) 30... Qxc2+ 31. Qxc2 Rxc2+ 32. Kg1 Rxb2 $11 33. Ra1 Rb3 34.
Kg2 Rb7 35. Rda4 Ng4 36. Rxa7 Rb2+ {In case of the exchange of rooks the
position remains drawish.} 37. Kg1 g6 38. R7a2 Rb3 1/2-1/2

[Event "Sanjin Hotel Cup 2nd"]
[Site "Tiayuan"]
[Date "2005.07.11"]
[Round "3"]
[White "Zhang, Pengxiang"]
[Black "Motylev, Alexander"]
[Result "0-1"]
[WhiteElo "2616"]
[BlackElo "2675"]
[Annotator "Postny,E"]
[PlyCount "92"]
[EventDate "2005.07.09"]
[EventType "tourn"]
[EventRounds "11"]
[EventCountry "CHN"]
[EventCategory "15"]
[SourceTitle "CBM 108"]
[Source "ChessBase"]
[SourceDate "2005.09.26"]
[SourceVersion "1"]
[SourceVersionDate "2005.09.26"]
[SourceQuality "1"]

1. e4 e5 2. Nf3 Nc6 3. d4 exd4 4. Nxd4 Nf6 5. Nc3 Bb4 6. Nxc6 bxc6 7. Bd3 d5 8.
exd5 cxd5 9. O-O O-O 10. Bg5 c6 11. Qf3 ({Other theoretical lines are} 11. Na4)
(11. Ne2) 11... Bd6 (11... Be7 12. Rfe1 (12. h3 {- see the game Breder,
D-Aronian,L/Bundesliga 2003/CBM 94 [Postny,E]}) 12... h6 (12... Re8) 13. Bxh6
$1 gxh6 14. Qe3 {[%csl Re7,Rh6] - see the game Berg,E-Sokolov,I/Malmo 2001/CBM
84 [Postny,E]}) 12. Rfe1 (12. Ne2 {- see the game Areshchenko,A-Sokolov,I/
Istanbul 2003/CBM 96 [Postny,E]}) (12. h3 Rb8 13. Na4 Re8 14. Rad1 {- see the
game Mueller,K-Kritz,L/Hoeckendorf 2004/CBM 100 [Postny,E]}) 12... Bd7 $5 $146
{Quite an unusual square for the light-squared in this opening variation, and
indeed this appeared to be a novelty.} (12... Rb8 13. Na4 Rb4 14. b3 Rg4 15.
Bxf6 Qxf6 16. Qxf6 gxf6 17. Rad1 Rg5 18. f3 Re5 19. g3 Rfe8 20. Kf2 h5 21. f4
Rxe1 22. Rxe1 Rxe1 23. Kxe1 $11 {1/2-1/2 Comp Fritz-Leko,P/Frankfurt 2000 (37)}
) (12... h6 13. Bxf6 Qxf6 14. Qxf6 gxf6 15. Ne2 Rb8 16. b3 c5 17. Rad1 Be5 18.
Rf1 Re8 19. f4 Bc7 20. Nc3 Bb7 21. Nb5 Bb6 22. c4 Rbd8 23. Rfe1 Re6 24. Kf1 a6
25. Na3 d4 26. Nc2 Ba5 27. Re2 Bc3 $15 {0-1 Afek,Y-Zifroni,D/Herzliya 1998 (47)
}) 13. h3 h6 14. Bf4 (14. Bxf6 Qxf6 15. Qxf6 gxf6 {leads to a dynamically
balanced endgame.}) 14... Bxf4 15. Qxf4 Qb8 16. Qxb8 Raxb8 17. b3 c5 {Black is
already slightly better, but white should not have problems to hold this one...
} 18. Re5 Rfe8 19. Rae1 Kf8 20. f3 $6 {It's not recommended to locate the
pawns on the same colour of the bishop, but, basically it does not change the
evaluation of the position.} (20. h4 {[%cal Yg2g3]}) 20... d4 21. Rxe8+ Rxe8
22. Rxe8+ Kxe8 23. Ne4 Nxe4 24. Bxe4 f5 25. Bd3 f4 {All white's pawns are
fixed, but it's not sufficient for a win.} 26. Kf2 Ke7 27. Ba6 Bf5 28. Bd3 Be6
(28... Bxd3 29. cxd3 Kf6 30. g4 fxg3+ 31. Kxg3 Kf5 32. f4 $11) 29. Bc4 Bf5 30.
Bd3 Bc8 31. Ke1 Kf6 32. Kd2 Kg5 33. Ke1 Kh4 34. Kf2 {Black's king has no
access to white's camp, and there is no zugzwang possible. All white need is
to continue following his waiting strategy...} Be6 35. Ba6 Bf5 36. Bd3 Bc8 ({
The pawns endgame is drawish as well:} 36... Bxd3 37. cxd3 h5 38. a3 a5 39. a4
g6 40. Kf1 g5 (40... Kg3 41. Kg1 g5 42. Kf1 g4 43. hxg4 hxg4 44. fxg4 Kxg4 45.
Kf2 $11) 41. Ke2 $1 (41. Kf2 $4 g4 42. hxg4 hxg4 43. fxg4 Kxg4 44. Ke2 Kg3 45.
Kf1 f3 46. gxf3 Kxf3 $19 {[%csl Rd3][%cal Gf3e3,Ge3d3]}) 41... Kg3 42. Kf1 g4
43. hxg4 hxg4 44. fxg4 Kxg4 45. Kf2 $11) 37. Bc4 Bb7 38. Bd3 Bc6 39. Ba6 Bd5
40. a4 $6 {This move is not a decisive mistake (yet...), but basically, white
should keep his pawn on a2 in order to spare a tempoes, which might be
important in pawns endgame.} Be6 {[%cal Ge6f5]} 41. a5 $4 {The decisive
mistake! This push leaves the pawn unprotected and allows black to take full
advantage of it.} (41. Bd3 Bc8 42. Be4 {White must keep the bishop on the
b1-h7 diagonal.} (42. Bc4 $2 Bf5 43. Bd3 Bxd3 44. cxd3 g5 45. Kf1 h5 46. Ke2 g4
47. hxg4 hxg4 48. fxg4 Kxg4 49. Kf2 a5 $1 $19 {Now the difference become
apparent. With the pawn on a2 white had additional tempoes, while with the
pawn on a4 he loses due to zugzwang.}) 42... Ba6 43. Bf5 $11) 41... Bf5 42. Bd3
Bxd3 $1 {Now, it's the right time to go for the pawns endgame.} 43. cxd3 Kg5
44. g3 (44. Ke2 Kf5 45. Kd2 Ke5 46. Kc2 Kd5 47. Kb2 Kc6 48. Ka3 Kb5 $19 {
Now, the drawback of 41.a5 becomes obvious.}) 44... Kf5 45. h4 fxg3+ 46. Kxg3
g5 {[%mdl 4096]} 0-1

[Event "POL-chT 66th"]
[Site "Katowice"]
[Date "2010.09.12"]
[Round "9"]
[White "Bartel, Mateusz"]
[Black "Urban, Klaudiusz"]
[Result "1-0"]
[WhiteElo "2599"]
[BlackElo "2468"]
[Annotator "Primel,D"]
[PlyCount "80"]
[EventDate "2010.09.04"]
[EventType "team-tourn"]
[EventRounds "9"]
[EventCountry "POL"]
[SourceTitle "EXT 2016"]
[Source "ChessBase"]
[SourceDate "2015.10.08"]
[SourceVersion "1"]
[SourceVersionDate "2015.10.08"]
[SourceQuality "1"]
[WhiteTeam "Wroclaw Polonia"]
[BlackTeam "Poznan Pocztowiec"]
[WhiteTeamCountry "POL"]
[BlackTeamCountry "POL"]

1. e4 e5 2. Nc3 d6 3. Nf3 Nc6 4. d4 Nf6 (4... Bg4) 5. d5 (5. Bb5 {Aurait
transposé dans une Espagnole} exd4 6. Qxd4 Bd7 7. Bxc6 Bxc6 8. Bg5 $14) 5...
Nb8 6. h3 Be7 7. a4 (7. g3 O-O 8. Bg2 c6 9. dxc6 bxc6 10. O-O Nbd7 11. b3 Nc5
12. Re1 Re8 13. Bb2 Rb8 14. Qe2 Bf8 15. Rad1 Qc7 16. Qe3 a5 17. a3 Bb7 18. Nh2
Rbd8 19. Ng4 Nxg4 20. hxg4 Qc8 21. g5 Qg4 22. Bf3 Qh3 23. Bg2 Qh5 24. Bc1 Be7
25. f4 Ne6 26. Qf2 f6 27. gxf6 Bxf6 28. f5 Ng5 29. Qe2 Qf7 30. Na4 d5 31. Nc5
Bc8 32. Be3 h6 33. c4 d4 34. Bc1 Qa7 35. Nd3 c5 36. a4 Qb6 {Ter Sahakyan,S 
(2574)-Petrosian,T (2654) Yerevan 2014 1-0 (142)}) 7... Nbd7 8. Be3 c6 9. a5
$14 {[%csl Rb7]} cxd5 10. exd5 a6 {[%csl Rb6]} 11. Nd2 $1 (11. Be2) 11... O-O
12. Nc4 Ne8 13. Qd2 f5 14. g3 Nef6 15. Be2 $14 {Les Blancs ont joué de
manière très précise l'ouverture et les Noirs ont des problèmes pour
terminer le développement.} Qc7 16. b4 $1 {[%csl Rd7] Les Blancs peuvent se
permettre le luxe de jouer sur les deux ailes et les Nirs sont privés de
contre-jeu} Ne8 17. Na4 $36 Nef6 18. Nc3 (18. Nab6 Nxb6 19. Nxb6 {[%cal Gc2c4]}
Rb8 20. c4 f4 $5) 18... Rb8 (18... f4 19. gxf4 exf4 20. Bxf4 b5 $44) 19. b5 $1
Qd8 20. b6 $5 {[%csl Rb7,Gc7]} Qe8 21. f4 Qg6 22. Rg1 exf4 23. gxf4 $40 {
[%csl Gg1,Rg6,Rg7,Rg8]} Qf7 24. O-O-O $32 {[%csl Rb8,Rc8]} Ne8 25. Rg2 Ndf6 26.
Rdg1 Ne4 27. Nxe4 fxe4 28. Bd4 g6 29. Bh5 $1 {[%cal Gh5g6]} Qxf4 30. Be3 Qf6
31. Rxg6+ $1 hxg6 32. Rxg6+ Ng7 33. Rxf6 Rxf6 34. Qg2 Kf8 35. Bg4 Nf5 36. Bg5
Rg6 37. Bxe7+ Nxe7 38. Qxe4 Bxg4 39. hxg4 Rd8 40. Ne3 Rg7 {Une partie
impressionnante} 1-0

[Event "POL-chT 66th"]
[Site "Katowice"]
[Date "2010.09.04"]
[Round "1"]
[White "Warakomski, Tomasz"]
[Black "Przybylski, Wojciech"]
[Result "1/2-1/2"]
[WhiteElo "2468"]
[BlackElo "2331"]
[Annotator "RR"]
[PlyCount "89"]
[EventDate "2010.09.04"]
[EventType "team-tourn"]
[EventRounds "9"]
[EventCountry "POL"]
[SourceTitle "EXT 2016"]
[Source "ChessBase"]
[SourceDate "2015.10.08"]
[SourceVersion "1"]
[SourceVersionDate "2015.10.08"]
[SourceQuality "1"]
[WhiteTeam "Wroclaw"]
[BlackTeam "Poznan Pocztowiec"]
[WhiteTeamCountry "POL"]
[BlackTeamCountry "POL"]

1. e4 e5 2. Nf3 Nf6 3. Nc3 Nc6 4. a3 Be7 5. d4 exd4 6. Nxd4 O-O (6... d6 7. Bb5
Bd7 8. Nxc6 bxc6 9. Bd3 O-O 10. O-O c5 11. h3 Bc6 12. Bf4 Nd7 13. Re1 Bf6 14.
Rb1 Rb8 15. Qd2 Re8 16. b4 Ne5 17. Bf1 Ng6 18. Bg3 Bg5 19. Qd3 Qf6 20. Nd5 Bxd5
21. Qxd5 cxb4 22. axb4 Bf4 23. Qf5 Bxg3 24. Qxf6 gxf6 25. fxg3 Re5 26. b5 Rc5
27. c4 Ne5 28. Rec1 c6 29. Ra1 Rb7 30. Rd1 Nxc4 31. bxc6 Rxc6 32. Rac1 Rbc7 33.
Bxc4 Rxc4 34. Rxc4 Rxc4 35. Rxd6 a5 36. Rxf6 {Motylev,A (2686)-Dubov,D (2614)
Moscow 2014 1/2-1/2}) 7. Nxc6 bxc6 8. e5 Ne8 9. Bd3 f6 (9... d5) 10. Bf4 fxe5
11. Bxe5 {[%cal Ge5g7,Gd3h7,Gd1h5]} Bf6 12. Bxf6 $146 (12. Qh5 g6 13. Qe2 Rb8
14. O-O-O d5 15. h4 Nd6 16. h5 Re8 17. f4 Bxe5 18. fxe5 Qg5+ 19. Qd2 Rxe5 20.
hxg6 hxg6 21. Rh6 Qxd2+ 22. Kxd2 Bf5 23. Rdh1 Nf7 24. R6h4 Bxd3 25. Kxd3 Rxb2
26. Ra4 Rg5 27. Ne2 Rxg2 28. Rxa7 Ne5+ 29. Kc3 Nc4 30. Re1 Rb8 31. Rg1 Rxe2 32.
Rxg6+ Kf7 33. Rxc6 Rc8 34. a4 Re7 35. Kd4 Ne5 36. Rc5 Nf3+ 37. Kc3 c6 38. Ra6
Rb8 39. Kd3 Rbe8 40. Kc3 Re3+ 41. Kb4 Rb8+ {Berg,E (2586)-Nielsen,P (2651)
Faaborg 2007 0-1}) 12... Qxf6 13. O-O d5 14. Qd2 Nd6 $1 {[%csl Gd6]} 15. Rae1
Bf5 $11 16. Bxf5 Nxf5 17. Qf4 Qd6 18. Qxd6 cxd6 19. Re2 a5 (19... Rab8) 20. Rd1
Rfe8 21. Kf1 g5 22. Rd3 Kg7 23. Na4 $6 {[%csl Ra4]} h5 24. h3 Kf6 25. g4 (25.
Nb6 Rxe2 26. Kxe2 Re8+) 25... hxg4 26. hxg4 Rxe2 27. Kxe2 Re8+ 28. Kd2 Re4 {
[%csl Ra4,Rg4] Gagnant un tempo résultant du coup douteux Na4} 29. gxf5 Rxa4
30. Rb3 $1 Kxf5 31. Rb6 Rd4+ 32. Ke3 Rc4 33. Kd3 Ke5 (33... Kf4 {[%cal Gf4f3,
Gf3f2]} 34. b3 (34. Ra6 Kf3 {[%csl Gg5]}) 34... Rc5 35. b4 axb4 36. axb4 Rc4
37. b5 $1) 34. b3 Rd4+ 35. Ke3 Re4+ 36. Kd2 Rd4+ 37. Ke3 Re4+ 38. Kd2 Rf4 39.
Ke2 c5 40. Ra6 Re4+ 41. Kd2 Rf4 42. Ke2 Re4+ 43. Kd2 Rf4 44. Ke2 a4 45. bxa4
1/2-1/2

[Event "Capablanca Memorial Elite 30th"]
[Site "Matanzas"]
[Date "1995.??.??"]
[Round "7"]
[White "Miles, Anthony John"]
[Black "Sorin, Ariel"]
[Result "1-0"]
[WhiteElo "2615"]
[BlackElo "2505"]
[Annotator "Rodriguez,Am"]
[PlyCount "65"]
[EventDate "1995.05.??"]
[EventType "tourn"]
[EventRounds "13"]
[EventCountry "CUB"]
[EventCategory "11"]
[SourceTitle "CBM 048"]
[Source "ChessBase"]
[SourceDate "1995.10.01"]
[SourceVersion "1"]
[SourceVersionDate "1995.10.01"]
[SourceQuality "1"]

1. e4 e5 2. Nf3 Nc6 3. d4 exd4 4. Nxd4 Nf6 5. Nc3 Bc5 6. Nxc6 (6. Be3 Bb6 (6...
Bxd4 7. Bxd4 O-O 8. Be3 Re8 9. Bd3 d5 10. exd5 Nb4 11. O-O Nfxd5 12. Nxd5 Qxd5
13. a3 Nxd3 14. Qxd3 Qxd3 15. cxd3 Bg4 $15 {Ravi,T-Sahu, SC, Calcuta 1992}) 7.
g3 O-O 8. Bg2 d6 9. h3 Re8 10. O-O Bd7 11. Re1 h6 12. g4 Ne5 13. Nf5 Bxe3 14.
Rxe3 Bxf5 15. exf5 c6 16. a4 d5 17. Rg3 a5 $13 {Lane-Hebden, London LB 1994.})
6... bxc6 7. Bd3 d6 (7... d5 8. O-O O-O 9. Bg5 Be7 10. Re1 Rb8 11. Rb1 Be6 12.
b3 Ng4 13. Bxe7 Qxe7 14. exd5 Qh4 15. dxe6 Qxf2+ 16. Kh1 Qh4 17. Qxg4 Qxg4 18.
e7 Rfe8 19. Re4 Qg5 20. Rbe1 Qd2 21. Na4 Rb4 22. R4e2 Qg5 23. Re5 Qf6 24. c4
$44 {Santo Romin-Lana, Candas open 1992}) 8. O-O Ng4 {This time Miles opponent
adopts a more aggressive setup} (8... Nd7 9. Be2 O-O 10. Na4 Bb6 11. b3 Qh4 12.
Nxb6 axb6 13. f3 Ba6 14. c4 c5 15. Bb2 $14 {Miles-Hebden, London LB 1994}) 9.
Bf4 g5 (9... Qf6 $5) 10. Bd2 Qf6 11. Qe2 Qe5 (11... Qh6 $5 12. h3 Ne5) 12. g3
Qe6 {/\13...Nxh2!} 13. Na4 Bd4 14. c3 Qh6 15. h4 Bf6 16. e5 {A typical motiv,
White opens up the position in response to a flank attack since he is better
developed} Nxe5 17. hxg5 Bxg5 18. f4 Qh3 19. Be4 Qxg3+ 20. Qg2 Qxg2+ 21. Bxg2
$18 {From this point on the win is easy} Bh6 22. fxe5 Bxd2 23. Bxc6+ Bd7 24.
Bxa8 Bxa4 25. exd6 cxd6 26. Rf2 Bg5 27. Re1+ Kf8 28. Bd5 Be8 29. Rf5 f6 30. Rf3
h5 31. c4 h4 32. Rb3 Bf4 33. Rxe8+ 1-0